| 000 | 00772nas a2200277 4500 | ||
|---|---|---|---|
| 001 | BR0102560 | ||
| 003 | BR-BrBNA | ||
| 005 | 20231205102251.0 | ||
| 007 | ta | ||
| 008 | 230509b bl.|||p| |||| 00| 00por d | ||
| 040 |
_aBR-BrBNA _bpor _cBiblioteca Nacional de Agricultura |
||
| 041 | _a(Pt) | ||
| 072 | _aL53 | ||
| 100 | 1 | _aSamaille, J.P. | |
| 100 | 1 | _aCheuiche, A.J. de V. | |
| 245 | 1 | _aO potro prematuro | |
| 650 | _aPotro | ||
| 650 | _aParto Prematuro | ||
| 650 | _aDeficiencia Calorica | ||
| 650 | _aDeficiencia Metabolica | ||
| 650 | _aRespiracao | ||
| 650 | _aSobrevivencia | ||
| 773 | 0 |
_tHora Veterinaria (Brazil) _xISSN 0101-9163 _g(Sep-Oct 2000), v. 20(117) p. 65-68 _wBR0102560 |
|
| 909 |
_a202311 _bLúcia _c55 _dLúcia Elande |
||
| 942 |
_2AGRIS _n0 _cANA |
||
| 999 |
_c166664 _d166664 |
||